| 000 | 00598nam a2200157 a 4500 | ||
|---|---|---|---|
| 001 | 000039950 | ||
| 005 | 20201002033828.0 | ||
| 008 | 130731s1996 dr 000 0 spa d | ||
| 040 |
_aDO-SdBNP _bspa _cBNPHU |
||
| 245 | 0 | 0 |
_aInvestigaciones agropecuarias 1985-1995 / _cprólogo Francisco Miguel González, Juan Díaz Gómez. |
| 260 |
_aSanto Domingo, : _bSecretaría de Estado de Agricultura, _c1996. |
||
| 300 |
_a73 p. : _bil. ; _c18 cm. |
||
| 700 | 1 |
_aGonzález, Francisco Miguel _epról. _966166 |
|
| 700 | 1 |
_aDíaz Gómez, Juan _epról. _954185 |
|
| 710 | 2 |
_aSecretaría de Estado de Agricultura _916449 |
|
| 999 |
_c39440 _d39440 |
||